[Event "13sen.WMH 2003 Senioren"]
[Site "Bad Zwischenahn(17.11.-29.11.2003)"]
[Date "2003.11.29"]
[Round "5"]
[White "Haug, Sverre"]
[Black "Korn, Juergen-Christof"]
[Result "0-1"]
[WhiteElo "1856"]
[BlackElo "1979"]
[PlyCount "114"]


1. Nf3 c5 2. e4 g6 3. d4 cxd4 4. Nxd4 Bg7 5. Bc4 Nf6 6. Nc3 O-O 7. Qe2 Nc6 8.
Nb3 d6 9. O-O Ne5 10. h3 Nxc4 11. Qxc4 Be6 12. Qb4 Qd7 13. Kh2 Rfc8 14. f3 Rc4
15. Qa5 a6 16. Be3 b5 17. Rad1 b4 18. Ne2 Rxc2 19. Ned4 Rxb2 20. Bc1 Rxg2+ 21.
Kxg2 Bxh3+ 22. Kg1 Bxf1 23. Rxf1 Nh5 24. Kg2 Rc8 25. Qxa6 Bxd4 26. Nxd4 e5 27.
Nb3 Rc2+ 28. Rf2 Qc7 29. Bd2 Qd8 30. Be3 Rxf2+ 31. Bxf2 Nf4+ 32. Kf1 Qd7 33.
Ke1 h5 34. Qc4 h4 35. Nd2 h3 36. Nf1 d5 37. exd5 Nxd5 38. Bg3 Nc3 39. Bxe5 Qd1+
40. Kf2 Qc2+ 41. Ke3 Nd1+ 42. Kd4 Qf2+ 43. Kd5 Nc3+ 44. Kd6 Qb6+ 45. Ke7 Qb7+
46. Kd6 Qb6+ 47. Ke7 Qb7+ 48. Kd6 Qb8+ 49. Kc5 Qxe5+ 50. Kxb4 Nd5+ 51. Kb3 Ne3
52. Qc8+ Kg7 53. Nh2 Qxh2 54. Qc3+ Kg8 55. Qxe3 Qb8+ 56. Kc2 h2 57. Qh6 Qg3 0-1

[Event "13sen.WMH 2003 Senioren"]
[Site "Bad Zwischenahn(17.11.-29.11.2003)"]
[Date "2003.11.29"]
[Round "5"]
[White "Heinemann, Klaus-Detlef"]
[Black "Mueller, Hartmut Dieter"]
[Result "0-1"]
[WhiteElo "1415"]
[BlackElo "1425"]
[PlyCount "64"]


1. Nc3 c5 2. Nf3 Nc6 3. d4 cxd4 4. Nxd4 e6 5. e4 Bc5 6. Nxc6 bxc6 7. Qg4 Qf6 8.
Bg5 Qg6 9. Bd3 f6 10. e5 Qxg5 11. Qxg5 fxg5 12. Ne4 Be7 13. O-O-O Nh6 14. f3
O-O 15. Rhf1 Rf5 16. f4 gxf4 17. Rf3 Ng4 18. h3 Ne3 19. Rg1 Rxe5 20. Rxf4 d5
21. Nc3 Bg5 22. Rf3 Nxg2+ 23. Kb1 Nh4 24. Rff1 Be3 25. Rh1 Bb7 26. Rh2 d4 27.
Ne4 Nf5 28. Rg2 Rf8 29. Rg4 c5 30. Ng3 Nxg3 31. Rxf8+ Kxf8 32. Rxg3 Bf2 0-1

[Event "13sen.WMH 2003 Senioren"]
[Site "Bad Zwischenahn(17.11.-29.11.2003)"]
[Date "2003.11.29"]
[Round "5"]
[White "Hellwege, Werner"]
[Black "Loesche, Heinz"]
[Result "1-0"]
[WhiteElo "1887"]
[BlackElo "1784"]
[PlyCount "69"]


1. d4 e6 2. Nf3 Nf6 3. e3 d5 4. Bd3 Be7 5. Nbd2 Nbd7 6. Qe2 c5 7. c3 b6 8. e4
dxe4 9. Nxe4 Nxe4 10. Bxe4 Rb8 11. Bf4 Bb7 12. Bxb8 Qxb8 13. Bxb7 Qxb7 14. O-O
Bf6 15. dxc5 Nxc5 16. Qb5+ Nd7 17. Rfd1 a6 18. Qe2 O-O 19. Rac1 Rc8 20. Qe3 h6
21. Rd2 Rc4 22. h3 Nc5 23. Qe2 b5 24. Qd1 Ne4 25. Rd7 Qb6 26. Qc2 b4 27. Nd4
Nxc3 28. bxc3 Rxc3 29. Qd2 Bxd4 30. Rxc3 Bxc3 31. Rd8+ Kh7 32. Qd3+ g6 33. Qd7
Kg7 34. Qe8 Qc7 35. Qh8# 1-0

[Event "13sen.WMH 2003 Senioren"]
[Site "Bad Zwischenahn(17.11.-29.11.2003)"]
[Date "2003.11.29"]
[Round "5"]
[White "Helmsen, Franz"]
[Black "Petzold, Hilmar"]
[Result "1-0"]
[WhiteElo "1958"]
[BlackElo "1951"]
[PlyCount "65"]


1. e4 e5 2. Nf3 Nc6 3. Bb5 a6 4. Ba4 Nf6 5. Qe2 d6 6. c3 Bd7 7. O-O Be7 8. d3
O-O 9. Bc2 Re8 10. Rd1 Bf8 11. Nbd2 g6 12. Nf1 Bg7 13. Ng3 h6 14. h3 Qe7 15.
Nh2 Kh7 16. Rf1 Nd8 17. f4 exf4 18. Bxf4 Ne6 19. Bd2 c5 20. Qf2 Rf8 21. Rae1 b5
22. a3 Rac8 23. Bb1 Be8 24. Nf3 Nd7 25. d4 cxd4 26. cxd4 Nb6 27. Nf5 Qd8 28.
Nxg7 Kxg7 29. d5 Nc5 30. Bc3+ f6 31. Nd4 Bd7 32. Qg3 Nc4 33. e5 1-0

[Event "13sen.WMH 2003 Senioren"]
[Site "Bad Zwischenahn(17.11.-29.11.2003)"]
[Date "2003.11.29"]
[Round "5"]
[White "Hippler, Hans-Werner"]
[Black "Nolte, Wilhelm"]
[Result "1/2-1/2"]
[WhiteElo "1456"]
[BlackElo "1670"]
[PlyCount "59"]


1. e4 e6 2. Bc4 d5 3. exd5 exd5 4. Bb3 c6 5. h3 Bd6 6. Nf3 Nf6 7. O-O O-O 8. d3
Bf5 9. a3 h6 10. Be3 Nbd7 11. c4 dxc4 12. dxc4 Qc7 13. Bc2 Bxc2 14. Qxc2 Rad8
15. Nc3 Rfe8 16. b4 b6 17. Rad1 Ne5 18. Qf5 Qe7 19. Nxe5 Bxe5 20. Rxd8 Rxd8 21.
Qc2 Bd4 22. Bxd4 Rxd4 23. Ne2 Re4 24. Ng3 Re5 25. Qd2 a5 26. Rd1 Ne4 27. Qd8+
Qxd8 28. Rxd8+ Kh7 29. f4 Re7 30. Nf5 1/2-1/2

[Event "13sen.WMH 2003 Senioren"]
[Site "Bad Zwischenahn(17.11.-29.11.2003)"]
[Date "2003.11.29"]
[Round "5"]
[White "Iken, Meindert"]
[Black "Glaser, Heinz-Alfred"]
[Result "1/2-1/2"]
[WhiteElo "1476"]
[BlackElo "1683"]
[PlyCount "129"]


1. e4 e6 2. d4 d5 3. e5 c5 4. c3 Nc6 5. Nf3 Bd7 6. Bd3 Rc8 7. O-O cxd4 8. cxd4
Nb4 9. Nc3 Nxd3 10. Qxd3 a6 11. Re1 Bb4 12. h3 Qa5 13. Bd2 Ne7 14. Re3 Nf5 15.
Ree1 O-O 16. a3 Bxc3 17. bxc3 Rc4 18. g4 Ne7 19. Reb1 Bb5 20. Qe3 Qc7 21. Ng5
h6 22. Nf3 Nc6 23. g5 h5 24. Nh4 Nxe5 25. f4 Ng6 26. Nf3 Qd6 27. Kh1 f6 28. Rg1
Rc7 29. gxf6 Rxf6 30. Ne5 Nxf4 31. Qf3 Qf8 32. Bxf4 Rxf4 33. Qxh5 Qf5 34. Qxf5
Rxf5 35. Rg3 Rf1+ 36. Rxf1 Bxf1 37. Kg1 Bb5 38. h4 Be8 39. Kh2 Kh7 40. Nf3 Re7
41. Ng5+ Kh6 42. Re3 Bd7 43. Kg3 Re8 44. Nf7+ Kh7 45. Ne5 Bc8 46. Nf7 Re7 47.
Rf3 Kg8 48. Ne5 Bd7 49. Kf4 Ba4 50. Rg3 Bc2 51. Nf3 Rc7 52. Ng5 Bf5 53. Ke5 Rc6
54. h5 Kf8 55. Nh3 Rb6 56. Nf4 Kf7 57. Nd3 Bxd3 58. Rxd3 Rb3 59. Kd6 Rb6+ 60.
Ke5 Rc6 61. Rf3+ Ke7 62. Rg3 Kf7 63. Rf3+ Kg8 64. Rg3 Kf7 65. Rf3+ 1/2-1/2

[Event "13sen.WMH 2003 Senioren"]
[Site "Bad Zwischenahn(17.11.-29.11.2003)"]
[Date "2003.11.29"]
[Round "5"]
[White "Jahr, Dieter,Dr."]
[Black "Marquardt, Rolf"]
[Result "1-0"]
[WhiteElo "1895"]
[BlackElo "1774"]
[PlyCount "69"]


1. c4 e5 2. Nc3 f5 3. g3 g6 4. Bg2 Bg7 5. e3 Ne7 6. Nge2 d6 7. O-O O-O 8. d4 c6
9. e4 Kh8 10. Kh1 Nd7 11. f4 fxe4 12. Nxe4 Nf6 13. Nxf6 Bxf6 14. fxe5 dxe5 15.
Bh6 Bg7 16. Bxg7+ Kxg7 17. Rxf8 Qxf8 18. dxe5 Bg4 19. Qe1 Qf5 20. Ng1 Qd7 21.
h3 Be6 22. Rd1 Qc7 23. b3 Rd8 24. Rxd8 Qxd8 25. g4 Ng8 26. Nf3 g5 27. Qe3 Qa5
28. Nd4 Kf7 29. Qf2+ Ke7 30. Bxc6 Qxe5 31. Bxb7 Bd7 32. Nf3 Qd6 33. Qxa7 Nf6
34. Qe3+ Be6 35. Nd4 1-0

[Event "13sen.WMH 2003 Senioren"]
[Site "Bad Zwischenahn(17.11.-29.11.2003)"]
[Date "2003.11.29"]
[Round "5"]
[White "Jakobsen, Henning"]
[Black "Spurga, Josef"]
[Result "0-1"]
[WhiteElo "1634"]
[BlackElo "1854"]
[PlyCount "68"]


1. f4 d5 2. Nf3 Nf6 3. e3 g6 4. b3 Bg7 5. Bb2 O-O 6. g3 c5 7. Bg2 Nc6 8. O-O
Bf5 9. d3 Re8 10. Re1 Rc8 11. Nbd2 b5 12. Bf1 Qb6 13. c4 Nb4 14. e4 dxe4 15.
dxe4 Nxe4 16. Bxg7 Nxd2 17. Qxd2 Kxg7 18. Nh4 Be6 19. a3 Na6 20. Qf2 bxc4 21.
bxc4 Bd7 22. Rab1 Qc7 23. Bg2 Bc6 24. Re3 Bxg2 25. Qxg2 Qd6 26. Nf3 Nc7 27. Rb7
Qa6 28. Qb2+ Kg8 29. Qb3 Ne6 30. a4 Rc7 31. Rb8 Rec8 32. Rxc8+ Qxc8 33. Re4 Rb7
34. Qc2 Qb8 0-1

[Event "13sen.WMH 2003 Senioren"]
[Site "Bad Zwischenahn(17.11.-29.11.2003)"]
[Date "2003.11.29"]
[Round "5"]
[White "Johannsen, Ingbert"]
[Black "Oser, Thor"]
[Result "1-0"]
[WhiteElo "1957"]
[BlackElo "1722"]
[PlyCount "51"]


1. e4 c6 2. d3 d5 3. f3 e5 4. g3 dxe4 5. fxe4 Bc5 6. Nf3 Bg4 7. Bg2 Nd7 8. Nc3
b5 9. h3 Bxf3 10. Qxf3 Ngf6 11. Be3 Qb6 12. Nd1 a5 13. O-O O-O 14. Kh2 Bxe3 15.
Nxe3 g6 16. Rf2 Qd8 17. Raf1 Qe7 18. g4 Ne8 19. Qg3 Ng7 20. h4 Ne6 21. g5 Nf4
22. Bf3 f6 23. Bg4 fxg5 24. Bxd7 Qxd7 25. hxg5 Rae8 26. Ng4 1-0

[Event "13sen.WMH 2003 Senioren"]
[Site "Bad Zwischenahn(17.11.-29.11.2003)"]
[Date "2003.11.29"]
[Round "5"]
[White "Josting, Friedel"]
[Black "Jakoby, Hans"]
[Result "1/2-1/2"]
[WhiteElo "1866"]
[BlackElo "1785"]
[PlyCount "81"]


1. d4 Nf6 2. Bf4 d5 3. e3 Bf5 4. Nf3 e6 5. Nbd2 Bd6 6. Bg3 O-O 7. Be2 h6 8. c4
dxc4 9. Nxc4 Bb4+ 10. Ncd2 Ne4 11. Rc1 Bxd2+ 12. Nxd2 Nxg3 13. hxg3 c6 14. Qb3
Qb6 15. Qc3 Nd7 16. g4 Bg6 17. Nc4 Qc7 18. Bd3 Bxd3 19. Qxd3 f5 20. Qe2 fxg4
21. Qxg4 Rf6 22. O-O Raf8 23. Nd2 h5 24. Qh3 Qa5 25. Ne4 Rh6 26. a3 Qf5 27.
Qxf5 exf5 28. Nc5 Nxc5 29. dxc5 Rd8 30. Rfd1 Rxd1+ 31. Rxd1 Rf6 32. Rd8+ Rf8
33. Rd4 Rf7 34. Kf1 g5 35. g3 Kg7 36. Ke2 Kg6 37. b4 Re7 38. Kd3 a6 39. a4 Kf7
40. Rd8 Kg7 41. Rd4 1/2-1/2

[Event "13sen.WMH 2003 Senioren"]
[Site "Bad Zwischenahn(17.11.-29.11.2003)"]
[Date "2003.11.29"]
[Round "5"]
[White "Kerkhoff, Werner"]
[Black "Schwagrowski, Bernd"]
[Result "1-0"]
[WhiteElo "1691"]
[BlackElo "1425"]
[PlyCount "133"]


1. c4 Nf6 2. g3 g6 3. Bg2 d6 4. Nc3 Bg7 5. d3 O-O 6. e4 e5 7. Nge2 Nc6 8. O-O
Be6 9. Nd5 Qd7 10. Rb1 a5 11. Qa4 Nd4 12. Qd1 c5 13. Nb6 Qd8 14. Nxa8 Qxa8 15.
Nxd4 cxd4 16. Bg5 Qc8 17. b4 axb4 18. Rxb4 Nd7 19. Qb1 f6 20. Bd2 Nc5 21. Rb5
Bd7 22. Rb4 f5 23. Re1 h5 24. f3 Kf7 25. Qc2 Bf6 26. Reb1 h4 27. Rb6 hxg3 28.
hxg3 Bc6 29. R6b4 Rh8 30. Kf2 f4 31. g4 Bh4+ 32. Ke2 Rh7 33. Rh1 Qh8 34. Qc1
Qa8 35. a3 Rh8 36. Rh3 Kg7 37. Qb2 Kg8 38. Qc1 Kg7 39. Rb1 Ba4 40. Qb2 Nb3 41.
Bb4 Qb8 42. Qa2 g5 43. Rxb3 Bxb3 44. Qxb3 Rd8 45. Be1 Rh8 46. Qb5 Bxe1 47. Qd7+
Kf6 48. Rxh8 Qxh8 49. Qxd6+ Kf7 50. Kxe1 Qa8 51. Qd7+ Kf8 52. Qd6+ Kf7 53. Qb4
Ke6 54. a4 Qa7 55. a5 Kd7 56. Qb5+ Kc7 57. Qxe5+ Kc8 58. Qe6+ Kc7 59. Qe5+ Kc6
60. Qb5+ Kc7 61. c5 Qb8 62. Qb6+ Kc8 63. Bf1 Qc7 64. Be2 Qh7 65. c6 Kb8 66. a6
Ka8 67. axb7+ 1-0

[Event "13sen.WMH 2003 Senioren"]
[Site "Bad Zwischenahn(17.11.-29.11.2003)"]
[Date "2003.11.29"]
[Round "5"]
[White "Knab, Horst"]
[Black "Brandt, Fred"]
[Result "1/2-1/2"]
[WhiteElo "1541"]
[BlackElo "1641"]
[PlyCount "101"]


1. e4 e5 2. Nf3 Nf6 3. Nc3 Bb4 4. Nd5 Nxd5 5. exd5 d6 6. c3 Bc5 7. d4 exd4 8.
Qe2+ Qe7 9. Nxd4 Bxd4 10. Qxe7+ Kxe7 11. cxd4 Re8 12. Be3 Kf8 13. Rc1 c6 14.
dxc6 Nxc6 15. Be2 Bf5 16. O-O Nxd4 17. Bxd4 Rxe2 18. Rc7 b6 19. h3 d5 20. Rfc1
Rd2 21. Bc3 Re2 22. Rd1 Be6 23. a3 Re4 24. Rd3 Rc4 25. Bb4+ Ke8 26. Rxc4 dxc4
27. Re3 Rd8 28. f4 g6 29. g4 Rd3 30. Re1 a5 31. Bc3 Kd7 32. Kh2 f5 33. g5 Rf3
34. Rd1+ Rd3 35. Re1 a4 36. Re2 b5 37. Bf6 Rd6 38. Be5 Rd5 39. h4 Rd1 40. Bc3
Rd3 41. Rd2 Rxd2+ 42. Bxd2 Kd6 43. Kg2 Kd5 44. Kf3 Kd4 45. Bc3+ Kd3 46. Kf2 Bd5
47. Bb4 Ke4 48. Kg3 Ke3 49. Bc3 Be4 50. Be5 Ke2 51. Bd4 1/2-1/2

[Event "13sen.WMH 2003 Senioren"]
[Site "Bad Zwischenahn(17.11.-29.11.2003)"]
[Date "2003.11.29"]
[Round "5"]
[White "Kudoke, Willy"]
[Black "Springer, Artur"]
[Result "1/2-1/2"]
[WhiteElo "1847"]
[BlackElo "1832"]
[PlyCount "20"]


1. c4 f5 2. Nc3 Nf6 3. g3 e6 4. Bg2 d5 5. cxd5 exd5 6. d4 c6 7. Bg5 Be7 8. Bxf6
Bxf6 9. e3 O-O 10. Nge2 Kh8 1/2-1/2

[Event "13sen.WMH 2003 Senioren"]
[Site "Bad Zwischenahn(17.11.-29.11.2003)"]
[Date "2003.11.29"]
[Round "5"]
[White "Kuehn, Peter[38NBrandb]"]
[Black "Wanner, Georges"]
[Result "1-0"]
[WhiteElo "1882"]
[BlackElo "1680"]
[PlyCount "47"]


1. e4 c5 2. Nf3 d6 3. d4 cxd4 4. Nxd4 Nf6 5. Nc3 g6 6. Be3 Bg7 7. f3 O-O 8. Qd2
Nc6 9. O-O-O Bd7 10. g4 Rc8 11. h4 Ne5 12. h5 Nc4 13. Bxc4 Rxc4 14. hxg6 hxg6
15. Qh2 Rxc3 16. bxc3 Qa5 17. Bh6 Qxc3 18. Rd3 Nxg4 19. fxg4 Qc5 20. Bxg7 Qg5+
21. Kb1 Kxg7 22. Qh7+ Kf6 23. Rf1+ Ke5 24. Nf3+ 1-0

[Event "13sen.WMH 2003 Senioren"]
[Site "Bad Zwischenahn(17.11.-29.11.2003)"]
[Date "2003.11.29"]
[Round "5"]
[White "Langer, Wolfgang[39Leipz]"]
[Black "Bleher, Walter"]
[Result "0-1"]
[WhiteElo "1800"]
[BlackElo "1935"]
[PlyCount "54"]


1. e4 c5 2. Nc3 Nc6 3. g3 g6 4. Bg2 Bg7 5. d3 e6 6. Be3 d6 7. Qd2 Nd4 8. Nd1
Ne7 9. c3 Ndc6 10. Bh6 O-O 11. h4 d5 12. h5 dxe4 13. hxg6 fxg6 14. Bxg7 Kxg7
15. Qh6+ Kf7 16. Qxh7+ Ke8 17. Bxe4 Ne5 18. f4 Nxd3+ 19. Ke2 c4 20. Bxg6+ Nxg6
21. Qxg6+ Kd7 22. Rh7+ Kc6 23. Ne3 Rxf4 24. Nf3 b5 25. Qh6 Nc1+ 26. Ke1 Rxf3
27. Rxc1 Qd3 0-1

[Event "13sen.WMH 2003 Senioren"]
[Site "Bad Zwischenahn(17.11.-29.11.2003)"]
[Date "2003.11.29"]
[Round "5"]
[White "Limberg, Siegfried"]
[Black "Lundberg, Gunnar"]
[Result "1-0"]
[WhiteElo "2035"]
[BlackElo "1874"]
[PlyCount "87"]


1. d4 Nf6 2. Nf3 g6 3. Bg5 Bg7 4. Nbd2 d5 5. e3 O-O 6. c3 Nfd7 7. Be2 f6 8. Bh4
Qe8 9. Qb3 c6 10. O-O Kh8 11. c4 Nb6 12. cxd5 Nxd5 13. Bg3 e5 14. e4 Nb6 15.
dxe5 fxe5 16. a4 N6d7 17. Qc3 c5 18. Bb5 a6 19. Bxd7 Nxd7 20. Nc4 Rb8 21. a5
Qe6 22. Rad1 b5 23. axb6 Bb7 24. Rd6 Qe8 25. Re1 Rf7 26. Nfxe5 Re7 27. f4 g5
28. Qd2 gxf4 29. Nxd7 Bd4+ 30. Rxd4 fxg3 31. Nxb8 gxh2+ 32. Kh1 cxd4 33. Qxd4+
Kg8 34. Nxa6 Bxe4 35. Rxe4 Rxe4 36. Qd5+ Kh8 37. b7 Re1+ 38. Kxh2 Rh1+ 39. Kg3
Qe1+ 40. Kf3 Qf1+ 41. Ke3 Qe1+ 42. Kd3 Qb1+ 43. Kc3 Rc1+ 44. Kb4 1-0

[Event "13sen.WMH 2003 Senioren"]
[Site "Bad Zwischenahn(17.11.-29.11.2003)"]
[Date "2003.11.29"]
[Round "5"]
[White "Luebbers, Doris,Dr."]
[Black "Kunze, Manfred"]
[Result "0-1"]
[WhiteElo "1308"]
[BlackElo "1550"]
[PlyCount "56"]


1. d4 Nf6 2. Nf3 e6 3. e3 Be7 4. Be2 d5 5. O-O O-O 6. b3 b6 7. Ba3 Nbd7 8. Bxe7
Qxe7 9. c4 c5 10. Nbd2 Bb7 11. Qc2 Ne4 12. Rac1 Rac8 13. Qb2 Qf6 14. Rc2 Rfe8
15. Nxe4 dxe4 16. Nd2 Qg6 17. Qc1 f5 18. Qd1 Nf6 19. f3 cxd4 20. exd4 e3 21.
Nb1 Rcd8 22. Rc3 f4 23. Rd3 h5 24. Kh1 h4 25. Rg1 Nh5 26. Qe1 Qf6 27. Nc3 Ng3+
28. hxg3 hxg3 0-1

[Event "13sen.WMH 2003 Senioren"]
[Site "Bad Zwischenahn(17.11.-29.11.2003)"]
[Date "2003.11.29"]
[Round "5"]
[White "Merettig, Georg"]
[Black "Wallhof, Dieter"]
[Result "0-1"]
[WhiteElo "1816"]
[BlackElo "1986"]
[PlyCount "104"]


1. Nf3 Nf6 2. g3 c5 3. Bg2 Nc6 4. c4 g6 5. b3 Bg7 6. Bb2 O-O 7. O-O d6 8. d3
Bd7 9. Nbd2 Rb8 10. Rc1 e5 11. Ne4 Ne8 12. e3 f5 13. Nc3 Nc7 14. h4 h6 15. Ne2
e4 16. Bxg7 exf3 17. Bxf3 Kxg7 18. d4 cxd4 19. exd4 Qf6 20. d5 Ne5 21. Bg2 Na6
22. Nf4 b6 23. h5 g5 24. Ne2 f4 25. Nd4 f3 26. Bh1 Kh8 27. Re1 Nc5 28. Rc3 a5
29. Qd2 Bg4 30. Rce3 Bxh5 31. Nc6 Rbe8 32. Qd4 Ncd7 33. a3 Nxc6 34. Qxf6+ Nxf6
35. dxc6 Rxe3 36. Rxe3 Bg4 37. c7 Rc8 38. Bxf3 Rxc7 39. Bxg4 Nxg4 40. Re6 Rd7
41. f3 Ne5 42. f4 gxf4 43. gxf4 Nf7 44. Kf2 Kg7 45. f5 Rc7 46. Ke3 Rc5 47. Rg6+
Kf8 48. Kf4 a4 49. Rg3 axb3 50. Rxb3 Rxc4+ 51. Ke3 Ke7 52. Rxb6 Rc3+ 0-1

[Event "13sen.WMH 2003 Senioren"]
[Site "Bad Zwischenahn(17.11.-29.11.2003)"]
[Date "2003.11.29"]
[Round "5"]
[White "Niebaum, Karl"]
[Black "Giering, Gregor"]
[Result "1/2-1/2"]
[WhiteElo "1798"]
[BlackElo "1752"]
[PlyCount "60"]


1. d4 c6 2. c4 Nf6 3. Nc3 d5 4. e3 Bg4 5. Qb3 Bc8 6. Nf3 e6 7. Bd3 dxc4 8. Bxc4
Be7 9. O-O O-O 10. e4 Qc7 11. Bg5 b5 12. Bd3 Nh5 13. e5 Bxg5 14. Nxg5 h6 15.
Nge4 Nf4 16. Bc2 a5 17. a4 b4 18. g3 Nd5 19. Nxd5 cxd5 20. Nd6 Nc6 21. Nb5 Qb6
22. Rfd1 Ba6 23. Qd3 g6 24. Qe3 Kg7 25. Bd3 Na7 26. Nd6 Nc8 27. Nb5 Na7 28.
Nxa7 Rxa7 29. Bxa6 Qxa6 30. Rac1 Rc8 1/2-1/2

[Event "13sen.WMH 2003 Senioren"]
[Site "Bad Zwischenahn(17.11.-29.11.2003)"]
[Date "2003.11.29"]
[Round "5"]
[White "Nietsch, Horst"]
[Black "Krawinkel, Hans-Werner"]
[Result "1/2-1/2"]
[WhiteElo "1987"]
[BlackElo "1756"]
[PlyCount "98"]


1. e4 c5 2. Nf3 d6 3. d4 cxd4 4. Nxd4 Nc6 5. Be3 Nf6 6. Nc3 e6 7. Be2 Be7 8.
O-O Bd7 9. Qd2 a6 10. f4 Nxd4 11. Bxd4 Bc6 12. Bf3 Rc8 13. Rad1 O-O 14. Qf2 Qe8
15. Rfe1 Nd7 16. Qg3 Nf6 17. Rd2 Qd8 18. Red1 Ne8 19. Kh1 Bh4 20. Qh3 f5 21.
Be5 Be7 22. Bxd6 Bxd6 23. e5 Qb6 24. exd6 Bd7 25. Nd5 exd5 26. Bxd5+ Kh8 27.
Bb3 Rf6 28. Qd3 Rxd6 29. Qxd6 Nxd6 30. Rxd6 Bc6 31. h3 Rf8 32. R6d4 Qc7 33. Be6
Be4 34. c3 h6 35. Rd6 Qe7 36. Kh2 Qh4 37. g3 Qe7 38. Bc4 Qc7 39. Bb3 Qc5 40.
R6d4 Kh7 41. R1d2 h5 42. g4 hxg4 43. hxg4 Kg6 44. Kg3 Rf6 45. g5 Rc6 46. Kh4
Rb6 47. Bd1 Re6 48. Bh5+ Kh7 49. Bf7 Re7 1/2-1/2

[Event "13sen.WMH 2003 Senioren"]
[Site "Bad Zwischenahn(17.11.-29.11.2003)"]
[Date "2003.11.29"]
[Round "5"]
[White "Oelert, Ralf"]
[Black "Burreh, Heinz"]
[Result "1-0"]
[WhiteElo "1944"]
[BlackElo "1777"]
[PlyCount "79"]


1. d4 d5 2. e3 Nf6 3. Bd3 e6 4. f4 c5 5. c3 cxd4 6. exd4 Bd6 7. Nf3 O-O 8. O-O
Nc6 9. Ne5 Qb6 10. Kh1 a6 11. Qe1 Ne7 12. Rf3 Ng6 13. Nd2 Qc7 14. Qg3 Ne8 15.
Nf1 Bxe5 16. fxe5 f5 17. Qf2 Qd8 18. Rh3 Nc7 19. Qf3 Rf7 20. Qh5 Nf8 21. Bg5
Qe8 22. g4 Bd7 23. Ne3 g6 24. Qh4 Bb5 25. Bc2 Qd7 26. Ng2 fxg4 27. Qxg4 Bf1 28.
Bf6 Bxg2+ 29. Qxg2 Rxf6 30. exf6 Qf7 31. Rf3 Nd7 32. h4 e5 33. h5 e4 34. hxg6
hxg6 35. Rg3 Nf8 36. Rf1 Re8 37. c4 dxc4 38. Bxe4 b5 39. Rxg6+ Nxg6 40. Bxg6
1-0

[Event "13sen.WMH 2003 Senioren"]
[Site "Bad Zwischenahn(17.11.-29.11.2003)"]
[Date "2003.11.29"]
[Round "5"]
[White "Petrasch, Klaus"]
[Black "Fries, Karl-Heinz"]
[Result "1/2-1/2"]
[WhiteElo "1914"]
[BlackElo "1744"]
[PlyCount "27"]


1. e4 d5 2. exd5 Qxd5 3. Nc3 Qa5 4. d4 Nf6 5. Nf3 Bf5 6. Bd2 c6 7. Ne4 Qc7 8.
Ng3 Bg4 9. Bd3 Nbd7 10. h3 Bxf3 11. Qxf3 e6 12. c4 Bd6 13. O-O O-O-O 14. Be3
1/2-1/2

[Event "13sen.WMH 2003 Senioren"]
[Site "Bad Zwischenahn(17.11.-29.11.2003)"]
[Date "2003.11.29"]
[Round "5"]
[White "Petzold, Rolf"]
[Black "Klopfer, Gert"]
[Result "1-0"]
[WhiteElo "1639"]
[BlackElo "1446"]
[PlyCount "125"]


1. d4 d5 2. c4 dxc4 3. e3 b5 4. b3 Bb7 5. bxc4 bxc4 6. Nf3 Ba6 7. Qc2 g6 8.
Nbd2 Nf6 9. Ba3 Nd5 10. Bxc4 Bxc4 11. Nxc4 Bg7 12. Rc1 O-O 13. O-O Re8 14. Nce5
Bxe5 15. Nxe5 a6 16. Rfd1 a5 17. Qe2 Nb4 18. e4 Qd6 19. Rd2 Qa6 20. Rxc7 Qxe2
21. Rxe2 N8a6 22. Rc4 Rab8 23. g3 e6 24. Bc1 Kg7 25. a3 Rbc8 26. Be3 Rxc4 27.
Nxc4 Nc6 28. d5 exd5 29. exd5 Ne7 30. d6 Nf5 31. Bh6+ Kxh6 32. Rxe8 Nc5 33. Ra8
a4 34. Ra7 Kg7 35. g4 Nd4 36. Ra5 Nde6 37. Nb6 Kf6 38. f4 Nb7 39. Nd5+ Kg7 40.
Rxa4 Nxd6 41. Rb4 Kf8 42. Rb8+ Kg7 43. Kg2 Nc4 44. Ra8 f5 45. Ra7+ Kh8 46. g5
Nd4 47. Kf2 Nb5 48. Rd7 Nbd6 49. a4 Ne4+ 50. Ke2 Na5 51. Rc7 Nb3 52. Kd1 Nf2+
53. Kc2 Nd4+ 54. Kc3 Ne6 55. Re7 Ne4+ 56. Kb4 Nd4 57. Kc4 Nf3 58. a5 Kg8 59. a6
Nxh2 60. a7 Nd6+ 61. Kc5 Nf7 62. a8=Q+ Kg7 63. Qe8 1-0

[Event "13sen.WMH 2003 Senioren"]
[Site "Bad Zwischenahn(17.11.-29.11.2003)"]
[Date "2003.11.29"]
[Round "5"]
[White "Polk, Maria"]
[Black "Rauscher, Erwin[23AUT]"]
[Result "1/2-1/2"]
[WhiteElo "1223"]
[BlackElo "1369"]
[PlyCount "43"]


1. e4 c5 2. g3 Nc6 3. Bg2 g6 4. Ne2 Bg7 5. c3 e5 6. O-O Nge7 7. Na3 a6 8. Nc4
Qc7 9. d3 b5 10. Ne3 Bb7 11. Nd5 Nxd5 12. exd5 Ne7 13. c4 bxc4 14. dxc4 d6 15.
Rb1 Rb8 16. f4 O-O 17. fxe5 Bxe5 18. Bh6 Bg7 19. Qd2 Nf5 20. Bxg7 Kxg7 21. g4
Ne7 22. g5 1/2-1/2

[Event "13sen.WMH 2003 Senioren"]
[Site "Bad Zwischenahn(17.11.-29.11.2003)"]
[Date "2003.11.29"]
[Round "5"]
[White "Poschmann, Hans"]
[Black "Groener, Marga"]
[Result "1-0"]
[WhiteElo "1533"]
[BlackElo "1283"]
[PlyCount "73"]


1. b4 d5 2. Bb2 Bf5 3. Nf3 e6 4. e3 c6 5. a4 h6 6. b5 a6 7. c4 axb5 8. axb5
Rxa1 9. Bxa1 Nf6 10. Nc3 Be7 11. Be2 O-O 12. O-O Nbd7 13. Nd4 Qc7 14. Nxf5 exf5
15. h3 f4 16. bxc6 bxc6 17. cxd5 cxd5 18. Qa4 fxe3 19. dxe3 Rd8 20. Rd1 Nc5 21.
Qa2 Qb7 22. Bf3 Nce4 23. Rb1 Nxc3 24. Rxb7 Nxa2 25. Rxe7 Nb4 26. Rb7 Nc6 27.
Rc7 Rd6 28. Bxf6 Rxf6 29. Bxd5 Ne5 30. Be4 g6 31. f4 Nd3 32. Bxd3 Rd6 33. Bc4
Rd1+ 34. Kf2 Rd2+ 35. Kf3 Rd6 36. Rxf7 g5 37. Rd7+ 1-0

[Event "13sen.WMH 2003 Senioren"]
[Site "Bad Zwischenahn(17.11.-29.11.2003)"]
[Date "2003.11.29"]
[Round "5"]
[White "Ristic, Sreten"]
[Black "Heimberg, Guenter"]
[Result "0-1"]
[WhiteElo "1772"]
[BlackElo "1667"]
[PlyCount "110"]


1. d4 d5 2. Nf3 Nf6 3. Bg5 e6 4. Nbd2 Be7 5. e3 Nbd7 6. Bd3 c5 7. c4 O-O 8.
cxd5 Nxd5 9. Bxe7 Qxe7 10. Rc1 cxd4 11. Nxd4 Ne5 12. Bb1 Qg5 13. O-O Nxe3 14.
fxe3 Qxe3+ 15. Rf2 Qxd4 16. Rc3 Ng4 17. Qf3 Qxf2+ 18. Qxf2 Nxf2 19. Kxf2 Rd8
20. Nc4 b5 21. Ne5 f5 22. Bd3 Bd7 23. Rc7 Be8 24. Ke3 a6 25. h4 Rd5 26. Nf3
Rad8 27. Bc2 h6 28. b4 Bh5 29. Bb3 Bxf3 30. gxf3 Rd3+ 31. Kf4 Rxb3 32. axb3 Rd3
33. Re7 Rxb3 34. Rxe6 Rxb4+ 35. Kxf5 a5 36. Ra6 Kh7 37. Rxa5 Rxh4 38. f4 Rh5+
39. Ke4 Rc5 40. Kd4 Rc4+ 41. Ke5 b4 42. Rb5 h5 43. Kf5 h4 44. Kg4 h3 45. Rh5+
Kg6 46. Rxh3 Rc3 47. Rh8 b3 48. Rf8 b2 49. Rb8 Rc2 50. Rb6+ Kf7 51. Kf5 Ke8 52.
Ke6 Re2+ 53. Kf5 Kd7 54. Kg6 Re6+ 55. Rxe6 Kxe6 0-1

[Event "13sen.WMH 2003 Senioren"]
[Site "Bad Zwischenahn(17.11.-29.11.2003)"]
[Date "2003.11.29"]
[Round "5"]
[White "Rudolph, Joachim"]
[Black "Keze, Arnis"]
[Result "1-0"]
[WhiteElo "1653"]
[BlackElo "1824"]
[PlyCount "119"]


1. f4 d5 2. e3 Nf6 3. Nf3 c5 4. Bb5+ Bd7 5. Qe2 a6 6. Bxd7+ Nbxd7 7. d3 e6 8.
O-O Bd6 9. Nbd2 Qc7 10. g3 O-O-O 11. c3 Rde8 12. d4 h6 13. Ne5 Re7 14. Ndf3 Ne4
15. Nxd7 Rxd7 16. Nd2 f5 17. Nxe4 dxe4 18. Bd2 g5 19. Qc4 gxf4 20. exf4 Re7 21.
Be3 cxd4 22. Qxc7+ Rxc7 23. Bxd4 Rg8 24. Rad1 h5 25. Kf2 Rd8 26. Kg2 Bc5 27.
Bf6 Rd5 28. Rxd5 exd5 29. Rd1 Rd7 30. Be5 b5 31. b4 Bb6 32. a3 Bc7 33. Bd4 Kb7
34. Kf1 Bb6 35. Be5 Kc6 36. Ke2 a5 37. Rd2 Rh7 38. Bf6 Rd7 39. Rd1 axb4 40.
axb4 Ra7 41. Rd2 Ra1 42. c4 bxc4 43. Bxa1 Bg1 44. Kf1 Bb6 45. Bd4 Bd8 46. Ke2
Be7 47. Bc3 Bd8 48. Ra2 Bb6 49. Rd2 Bd8 50. Bd4 Be7 51. Rb2 Kb5 52. Ke3 Bd8 53.
Bc5 Bf6 54. Ra2 Bd8 55. Kd4 Bf6+ 56. Kxd5 c3 57. Bd4 Bxd4 58. Kxd4 Kxb4 59. Rc2
e3 60. Rxc3 1-0

[Event "13sen.WMH 2003 Senioren"]
[Site "Bad Zwischenahn(17.11.-29.11.2003)"]
[Date "2003.11.29"]
[Round "5"]
[White "Rueggeberg, Wilhelm"]
[Black "Fiedler, Eduard"]
[Result "1/2-1/2"]
[WhiteElo "1777"]
[BlackElo "1734"]
[PlyCount "48"]


1. d4 e5 2. d5 Bc5 3. e3 d6 4. c4 f5 5. Bd2 Nf6 6. a4 c6 7. b4 Bb6 8. a5 Bc7 9.
Nc3 O-O 10. Nf3 Ne4 11. Qc2 Nxd2 12. Qxd2 Qf6 13. Rd1 Na6 14. Ne2 c5 15. bxc5
Nxc5 16. Rb1 g5 17. g3 g4 18. Nh4 Ne4 19. Qa2 Nc5 20. Nc3 a6 21. Be2 e4 22. Rc1
Qd8 23. Ra1 Qf6 24. Nd1 Bd7 1/2-1/2